000
00296nam a22001337a 4500
008
181011b xxu||||| |||| 00| 0 eng d
020
_a
9780321977076
041
_a
eng
080
_2
13th
_a
510
100
_a
36
101
_a
MAT
245
_a
Mathematical Ideas
_c
Miller,Ch.D
942
_2
udc
_c
BK
999
_c
49383
_d
49383